000 00547cam a2200181 a 4500
001 000004990
005 20200929151542.0
008 901109s1990 ag 001 p spa
040 _aDO-SdBNP
_cDLC
082 _aAr861.42
_bR733p
100 1 _aRoggiano, Alfredo A.
_d1919-
_914404
245 1 0 _aPrisión o transparencia /
_cAlfredo A. Roggiano.
260 _aCordoba, Argentina :
_bMundi,
_c1990.
300 _a76 p. ;
_c22 cm.
650 4 _aPoesía argentina
_93859
650 4 _aLiteratura argentina
_93860
910 _aCatalogación por copia / LC
999 _c4796
_d4796